MDQL
is popping MORE tags! Check the
thread
!
Quizzes
Events
Quiz Creation
Community
Videos
Private Events
Remove Ads
Sign In
Join for FREE
Feedback
Dark Mode
Quiz Categories
Sports
Geography
Music
Movies
Television
Just For Fun
Miscellaneous
History
Literature
Language
Science
Gaming
Entertainment
Religion
Holiday
For Kids
Quiz Lab
Recent
Popular Today
Quiz Kudos Today
Editor Picks
Curator Picks
Quizzes by...
Day
Popularity
Type
Ratings
Length
Year
Community
Subscriptions
Recent Discussions
Orange Saloon
Badges
Playlists
Quests
Create
Leaderboards
Showdown
Live 5
Trivia Bingo
Activity
Puzzle Library
Sporcle Events
Private Events
Virtual Trivia
Globe League
Become a Host
Pub Owners
SporcleCon
Opinionation
Our Games
Videos
Blog
Mobile Apps
Partnerships
Remove Ads and Go Orange
Feedback
Just For Fun
Clickable
Get the Picture
Humor
Quick Pick
Word Ladder
Missing Word
Mixed Word
Blitz
Minefield
This or That
Alphabet
Color
Typing
Sporcle
Puzzle
Word Play
Follow That Line
Logic
Just For Fun
Clickable
Get the Picture
Humor
Quick Pick
Word Ladder
Missing Word
Mixed Word
Blitz
Minefield
This or That
Alphabet
Color
Typing
Sporcle
Puzzle
Word Play
Follow That Line
Logic
Random Quiz
Search Sporcle
×
Quiz Lab
Quiz Lab
Just For Fun
Slogans
Type in answers that appear in a list
Type in answers that appear in a list
Classic
Best Score? Go Orange.
Company by their Slogans Stats
Can you name the Company Slogans of 2010?
By
JKsoccer78
5m
20 Questions
231 Plays
231 Plays
231 Plays
Comments
Comments
Give Quiz Kudos
Give Quiz Kudos
-
- Ratings
hide this ad
Replay
Link that replays current quiz
Next Quiz
Link to next quiz in quiz playlist
You Got
0%
They Got
Avg Score
66%
Avg Friend Score
Upgrade to see
Score Distribution
Jump to the score distribution portion of the page
Score
0/20
Timer
05:00
0
Plays Today
Slogan
Company
% Correct
I'm lovin' it
McDonalds
98.7%
Have it your way
Burger King
92.6%
Finger lickin' good/
We do chicken right
KFC
92.2%
The coke side of life
Coca-Cola
87.4%
Eat fresh
Subway
87%
Think outside the bun
Taco Bell
84.8%
America Runs on Dunkin
Dunkin Donuts
82.3%
This is sportscenter
ESPN
81.4%
You want the NFL, go to the NFL
NFL
74%
It's Papa Time
Papa John's
72.7%
Slogan
Company
% Correct
You know when it's real
Wendy's
62.3%
You can do it. We can help
Home Depot
54.5%
Let's build something together
Lowe's
54.1%
The shack brings you more
Radioshack
52.8%
The snack that smiles back
Goldfish
51.5%
Louisiana.Fast
Popeye's
48.9%
There's only one october
MLB
42.9%
This is Fios. This is big
Verizon
42%
Where amazing happens
NBA
34.6%
Discover the world
Discovery Channel
30.7%
Quiz Playlist
Details
Report
Send in Message
Add To Playlist
Classic:
Type in answers that appear in a list
Last Updated: Feb 16, 2017
Quiz Scoreboard
CHALLENGE
Sign Up to Join the Scoreboard
Show All
Scores
Hide
Comments
May contain spoilers
Recently Published
1-10 Letter E Words III
by El_Dandy
Language
2m
Street Fighter Characters
by Artimus82
Gaming
60s
College Basketball Coaching Resumes
by pancakes188
Sports
9m
More to Explore
Quiz From the Vault
Featured Blog Post
Where Did the Easter Bunny Come From?
hide this ad
You Might Also Like...
Tags
Company Quiz
Slogans Quiz
2010
Today's Top Quizzes in Just For Fun
Browse Just For Fun
hide this ad
Today's Top Quizzes in Slogans
Browse Slogans
Top Contributed Quizzes in Just For Fun
1
Name Just One - 10 to 1: Just For Fun
2
Killer Double Trees 224 - Colour Match-Up
3
Spring Typing Challenge
4
Crossword Whiteout! 49
5
Zeroing In: Just For Fun
6
Survivor Winners Logic Puzzle
7
Word Ladder: Ahoy Matey
8
Word Ladder: Wilderness Weapon
9
Kyle's 122nd Triple Trees
10
Clickable Animal Jokes #2
Explore More
Trending Topics
Harry Potter
Anime
Crossword
Marvel
Disney
Kpop
NBA
Song
Country
Soccer
The Office
NFL
Pokémon
Puzzle
WWE
hide this ad
More By:
JKsoccer78
Quiz
Plays
Rating
Category
Featured
Created
Most Popular Sports of the WORLD
425
2.29
Miscellaneous
Apr 23, 2010
Top 20 ESPN Fantasy Baseball Rankings
399
3.00
Sports
Apr 19, 2010
French: Clothes
281
3.00
Language
Apr 23, 2010
Company by their Slogans
231
3.00
Just For Fun
Apr 24, 2010
U.S. States Z (err W) to A
193
4.40
Just For Fun
Apr 23, 2010
Go to Creator's Profile
Score Distribution
Quiz Creator Spotlight
JKsoccer78
Follow
Send a Message
Quizzes Created
-
Created Quiz Play Count
-
More By This Creator
Popular Quizzes Today
1
Find the US States - No Outlines Minefield
2
Find the Countries of Europe - No Outlines Minefield
3
The Countries of the World
4
Find the US States
5
Risky Map Clicking: Biggest States A-Z
6
US States
7
Popular People in 1961
8
Movies - When Are They Set?
More Just For Fun Quizzes
Missing Word: Shakira
Published
Trending Quizzes
Risky Map Clicking: Least Populous States A-Z
USA Borders Longest to Shortest
1-10 Letter G Words
1-10 Letter F Words
Countries of the World: 200 Million BC
Recently Updated
Beyoncé Albums
pecheneg
Leaping Animals
pecheneg
Reality TV Shows (A-Z)
bhenderson79
Rickey Henderson's Hall of Fame Teammates
pecheneg
Champions League XIs: Arsenal
pecheneg
Quick Pick: Celebrities in WWE's Hall of Fame
aduchscher
A-Z Keypad Blitz II
pecheneg
Multiple Oscar Actors
pecheneg
Mystery Phrase Blitz: Oscar 'Best Actors'
pecheneg
F. Scott Fitzgerald Novels
LTH
Trending Topics
Marvel
NBA
Harry Potter
Disney
Kpop
Crossword
Anime
Pokémon
Song
Country
The Office
WWE
Puzzle
Soccer
NFL
Your Account Isn't Verified!
In order to create a playlist on Sporcle, you need to verify the email address you used during registration. Go to your
Sporcle Settings
to finish the process.
Report this User
Report this user for behavior that violates our
Community Guidelines
.
Details:
Send Report
Go to the Sporcle.com Mobile Site →
Comments